Preparation and evaluation of natural rubber coated prilled urea (Record no. 65548)
[ view plain ]
| 000 -LEADER | |
|---|---|
| fixed length control field | 01035nam a2200193Ia 4500 |
| 100 ## - MAIN ENTRY--AUTHOR NAME | |
| Personal name | Varghese S |
| 245 #0 - TITLE STATEMENT | |
| Title | Preparation and evaluation of natural rubber coated prilled urea |
| 260 ## - PUBLICATION, DISTRIBUTION, ETC. (IMPRINT) | |
| Name of publisher | Indian Journal of Natural Rubber Research |
| Year of publication | 1997 |
| 300 ## - PHYSICAL DESCRIPTION | |
| Number of Pages | 39-42 |
| 520 ## - SUMMARY, ETC. | |
| Summary, etc | Different forms of natural rubber were used for coating prilled urea for developing a slow release fertilizer. The technique involved incorporation of prilled urea at high loading into skim rubber, ISNR 5 and reclaimed rubber using an internal mixer. The highly urea filled rubber was then extruded and granulated. These granules were evaluated for volatilization loss, leaching and slow release characteristics. The results indicated that NR-encapsulated urea has the characteristics of a slow release fertilizer. |
| 650 ## - SUBJECT ADDED ENTRY--TOPICAL TERM | |
| Topical Term | Encapsulation |
| 650 ## - SUBJECT ADDED ENTRY--TOPICAL TERM | |
| Topical Term | Natural rubber |
| 650 ## - SUBJECT ADDED ENTRY--TOPICAL TERM | |
| Topical Term | Prilled urea |
| 650 ## - SUBJECT ADDED ENTRY--TOPICAL TERM | |
| Topical Term | Slow release fertilizer |
| 700 ## - ADDED ENTRY--PERSONAL NAME | |
| Personal name | Joseph R |
| 700 ## - ADDED ENTRY--PERSONAL NAME | |
| Personal name | Kuriakose B |
| 942 ## - ADDED ENTRY ELEMENTS (KOHA) | |
| Koha item type | Journals |
| Withdrawn status | Lost status | Damaged status | Not for loan | Home library | Current library | Shelving location | Date acquired | Serial Enumeration / chronology | Koha item type |
|---|---|---|---|---|---|---|---|---|---|
| Journals | RRII Library | RRII Library | Rubber chemistry | 17/12/2021 | Volume 10, Issue 02-Jan | Journals |